000 00628nam a2200241Ia 4500
003 OSt
005 20220918211143.0
006 a|||||r|||| 00| 0
007 ta
008 220917b |||||||| |||| 00| 0 eng d
024 _a123,483
037 _cTextual
040 _aARTS
_cARTS
_beng
041 _2eng
_aeng
082 _aZ73,8, M4
100 _aKlein Mitchell S G
_9120122
245 0 _aLaw courts and policy
260 _aEnglewood
_bCliff Prentice Hall
_c1984
300 _aviii,326p.
_ccm.
650 _aLAW
_97240
942 _hZ73,8, M4
_cTEXL
_2CC
999 _c246672
_d246672